00433nam a2200145Ia 4500008004100000020002200041041000800063082002100071100001300092245008700105250001300192260003400205300000900239700003900248230125s9999 xx 000 0 und d a978-93-5316-814-8 aeng a658.001bKOO/ETC aKoontz H aEssentials of Management : An International, Innovation and Leadership Perspective a11th Ed. c2020bMcGraw-HillaTamil Nadu a590p aKoontz H; Weihrich H & Cannice M V